| 000 | 00846nam0a22002771 4500 | ||
|---|---|---|---|
| 001 | rc\4882580 | ||
| 005 | 20250613025719.0 | ||
| 021 |
_aRU _b[61-21939] |
||
| 035 | _a(NLR Aleph) 008917182 | ||
| 090 |
_a8801055 _c8801055 |
||
| 100 | _a20130426d1961 |||y0rusy50 ca | ||
| 101 | 0 | _arus | |
| 102 | _aRU | ||
| 105 | _aa z ||||| | ||
| 200 | 1 | _aПолупроводники на Ставрополье | |
| 210 |
_aСтаврополь _cКн. изд-во _d1961 |
||
| 215 |
_a40 с. _cил. _d20 |
||
| 606 |
_aПолупроводниковые приборы _2psbo |
||
| 606 |
_aПолупроводники _2psbo |
||
| 700 | 1 |
_aНесис _bЕ.И. _f1922- _gЕфим Израилевич |
|
| 701 | 1 |
_aРаевский _bИ.М. |
|
| 801 | 0 |
_aRU _bNLR _gpsbo |
|
| 801 | 1 |
_aRU _bELAR _2rusmarc |
|
| 852 |
_aNLR _j61-4/4992 |
||
| 942 | _cBOOK | ||
| 980 | _aNB | ||